00438nam a22001337a 4500003000500000038001800005082000800023100001800031245011200049264003300161650002000194700003200214856005800246NUST aNusrat Nadeem a200 aAkmal, Maryam aINTERNATIONAL BUSINESS TRIP REPORT ALTINBAS UNIVERSITY & TURKISH AEROSPACE INDUSTRY, TURKEY/cAkmal, Maryam aIslamabad:bNBS NUST.c2025. aExecutive MBA  aSupervisor: Ms. Ramia Kiran u http://10.250.8.41:8080/xmlui/handle/123456789/55871